[Event "Wloclawek CC Classic 05th"]
[Site "Wloclawek"]
[Date "2012.??.??"]
[Round "6"]
[White "Jankowski, Wieslaw"]
[Black "Kaczynski, Maciej"]
[Result "1-0"]
[WhiteElo "1831"]
[BlackElo "1800"]
[PlyCount "131"]
[EventDate "2012.06.??"]
[EventType "swiss"]
[EventRounds "7"]
[EventCountry "POL"]
[SourceTitle "EXT 2021"]
[Source "ChessBase"]
[SourceDate "2020.10.23"]
[SourceVersion "1"]
[SourceVersionDate "2020.10.23"]
[SourceQuality "1"]

1. d4 d5 2. c4 dxc4 3. e4 e5 4. d5 b5 5. Nc3 a6 6. Nf3 Bg4 7. Be2 Bxf3 8. Bxf3 Bd6 9. 0-0 Ne7 10. Kh1 0-0 11. Ne2 Nd7 12. Be3 Ng6 13. g3 Nc5 14. Bxc5 Bxc5 15. Qc2 Qd7 16. Kg2 Bd4 17. h3 c5 18. Rad1 f5 19. exf5 Rxf5 20. Be4 Rf6 21. f3 Raf8 22. h4 R8f7 23. h5 Nf8 24. g4 Qe7 25. Qd2 Qd8 26. Ng3 Rf4 27. Nf5 a5 28. Qe2 Rf6 29. Rh1 h6 30. b3 Nh7 31. Rdf1 Ng5 32. Ng3 Qd7 33. bxc4 b4 34. Bf5 Qa4 35. Ne4 R6xf5 36. gxf5 Rxf5 37. Nd6 Rf4 38. Nb5 e4 39. Rh3 Nxh3 40. Kxh3 e3 41. d6 b3 42. axb3 Qxb3 43. Kg3 Rf7 44. f4 a4 45. Rc1 a3 46. Rc2 Bb2 47. Kg4 Kh7 48. Nc7 g5 49. Ne6 Bd4 50. d7 Bf6 51. fxg5 hxg5 52. Nxc5 Qb1 53. Qd3+ Kh8 54. d8Q+ Bxd8 55. Qxd8+ Kh7 56. Qd3+ Kh8 57. h6 Qg1+ 58. Kh5 Qh1+ 59. Kg6 Qf3 60. Qd4+ Kg8 61. Ne4 Qf5+ 62. Kh5 g4+ 63. Ng5 Qxc2 64. Qd8+ Rf8 65. Qd5+ Kh8 66. Qe5+ 1-0

[Event "Wloclawek CC Classic 05th"]
[Site "Wloclawek"]
[Date "2012.??.??"]
[Round "4"]
[White "Jankowski, Wieslaw"]
[Black "Kulinski, Krzysztof"]
[Result "0-1"]
[WhiteElo "1831"]
[BlackElo "2084"]
[PlyCount "78"]
[EventDate "2012.06.??"]
[EventType "swiss"]
[EventRounds "7"]
[EventCountry "POL"]
[SourceTitle "EXT 2021"]
[Source "ChessBase"]
[SourceDate "2020.10.23"]
[SourceVersion "1"]
[SourceVersionDate "2020.10.23"]
[SourceQuality "1"]

1. d4 Nf6 2. c4 g6 3. Nc3 Bg7 4. e4 d6 5. f4 0-0 6. Nf3 c5 7. d5 e6 8. Bd3 exd5 9. cxd5 Re8 10. 0-0 c4 11. Bc2 b5 12. a3 Qb6+ 13. Kh1 Nbd7 14. Re1 Ng4 15. Qe2 Nf2+ 16. Kg1 Nxe4+ 17. Be3 Nxc3 18. Qf2 Rxe3 19. Rxe3 Nxd5 20. Re8+ Nf8 21. Qxb6 Nxb6 22. Rb1 Be6 23. Rxa8 Nxa8 24. Kf2 Nb6 25. Be4 d5 26. Bc2 d4 27. Be4 a5 28. Bc6 b4 29. axb4 axb4 30. h3 b3 31. g4 c3 32. Be4 c2 33. Re1 d3 34. f5 Bc4 35. Ke3 Bxb2 36. Bxd3 c1Q+ 37. Rxc1 Bxc1+ 38. Kd4 Bxd3 39. Kxd3 b2 0-1

[Event "Wloclawek CC Classic 05th"]
[Site "Wloclawek"]
[Date "2012.??.??"]
[Round "3"]
[White "Pitula, Adam"]
[Black "Jankowski, Wieslaw"]
[Result "0-1"]
[WhiteElo "1376"]
[BlackElo "1831"]
[PlyCount "64"]
[EventDate "2012.06.??"]
[EventType "swiss"]
[EventRounds "7"]
[EventCountry "POL"]
[SourceTitle "EXT 2021"]
[Source "ChessBase"]
[SourceDate "2020.10.23"]
[SourceVersion "1"]
[SourceVersionDate "2020.10.23"]
[SourceQuality "1"]

1. e4 c5 2. Nc3 Nc6 3. Nf3 e6 4. a3 Bd6 5. Bc4 a6 6. d3 b5 7. Ba2 Bb7 8. Ne2 Qc7 9. g3 0-0-0 10. Be3 Be7 11. Qd2 Nf6 12. Bf4 d6 13. h3 Ne5 14. Nxe5 dxe5 15. Bg5 Nxe4 16. Qe3 Bxg5 17. f4 exf4 18. gxf4 Bh4+ 19. Kf1 Nd2+ 20. Qxd2 Bxh1 21. Qe3 Bb7 22. Ng1 Qc6 23. Qe4 Qd6 24. Qe5 Qe7 25. Rd1 g5 26. f5 Rhe8 27. f6 Qd7 28. Rd2 Qc6 29. Re2 Rd4 30. Re4 Rxe4 31. dxe4 Qxe4 32. Qxc5+ Bc6 0-1

[Event "POL-chT4 Kujawsko Pomorskie 1011"]
[Site "Poland"]
[Date "2011.02.13"]
[Round "6.36"]
[White "Hetmanski, Waldemar"]
[Black "Jankowski, Wieslaw"]
[Result "1-0"]
[WhiteElo "1881"]
[BlackElo "1891"]
[PlyCount "91"]
[EventDate "2010.11.07"]
[EventType "team-swiss"]
[EventRounds "10"]
[EventCountry "POL"]
[SourceTitle "EXT 2019"]
[Source "ChessBase"]
[SourceDate "2018.10.10"]
[SourceVersion "1"]
[SourceVersionDate "2018.10.10"]
[SourceQuality "1"]

1. d4 d5 2. Nf3 e6 3. c4 Nf6 4. e3 Be7 5. Nc3 0-0 6. Bd3 Nbd7 7. 0-0 c6 8. b3 b6 9. Bb2 Bb7 10. Qe2 Bd6 11. e4 Ne8 12. e5 Be7 13. Rfe1 g6 14. Rad1 Ng7 15. Bb1 Re8 16. Qe3 Nf8 17. Qf4 Ba6 18. Bd3 g5 19. Qe3 Ng6 20. Ne2 g4 21. Nd2 h5 22. f4 Bc8 23. Nf1 Bd7 24. Qd2 a5 25. a3 Rf8 26. Ne3 Bc8 27. Rf1 Nh8 28. Qc2 f5 29. exf6 Rxf6 30. Bh7+ Kf8 31. Ng3 Bd6 32. f5 Bxg3 33. hxg3 Ke7 34. fxe6 Rxf1+ 35. Rxf1 Qd6 36. cxd5 Ba6 37. Rf4 Rf8 38. Rxf8 Kxf8 39. Qf2+ Ke7 40. Be4 Bc8 41. Nc4 Qd8 42. d6+ Kxe6 43. Bxc6 Nf5 44. d5+ Kf7 45. d7 Kg6 46. Ne5+ 1-0

[Event "Torun-Bydgoszcz"]
[Site "Torun"]
[Date "2009.12.13"]
[Round "?.26"]
[White "Karpinski, Andrzej"]
[Black "Jankowski, Wieslaw"]
[Result "1-0"]
[WhiteElo "1841"]
[BlackElo "1946"]
[PlyCount "159"]
[EventDate "2009.12.13"]
[EventType "team-match"]
[EventRounds "1"]
[EventCountry "POL"]
[SourceTitle "EXT 2018"]
[Source "ChessBase"]
[SourceDate "2017.10.13"]
[SourceVersion "1"]
[SourceVersionDate "2017.10.13"]
[SourceQuality "1"]

1. e4 e5 2. Nf3 Nc6 3. Bb5 Nge7 4. c3 a6 5. Ba4 Ng6 6. Bb3 Be7 7. 0-0 0-0 8. d4 d6 9. h3 Kh8 10. dxe5 Ncxe5 11. Nxe5 Nxe5 12. f4 Nd7 13. Be3 Qe8 14. Bc2 Bf6 15. Bd4 Bxd4+ 16. cxd4 f6 17. Nc3 c6 18. Qf3 Nb6 19. b3 Be6 20. f5 Bf7 21. Rae1 Nd7 22. Bd3 Qd8 23. Bc4 Bxc4 24. bxc4 Qe7 25. Ne2 Rf7 26. Nf4 Nf8 27. a4 Re8 28. Re2 Qd8 29. Rfe1 Rfe7 30. Qc3 Qc7 31. g3 Qd7 32. Kg2 Rc8 33. h4 Qe8 34. Kf2 Qf7 35. Nd3 Rce8 36. Nf4 Kg8 37. g4 g5 38. hxg5 fxg5 39. Nh5 Nd7 40. e5 dxe5 41. dxe5 Re6 42. Kg3 Qe7 43. fxe6 Qxe6 44. Nf6+ Nxf6 45. exf6 Qd6+ 46. Kh3 Rf8 47. Rf2 h5 48. gxh5 Qd7+ 49. Kh2 Qf7 50. Qf3 Kh8 51. Rg1 Qxc4 52. Rg4 Qe6 53. Rxg5 Qd6+ 54. Qf4 Rxf6 55. Qxd6 Rxd6 56. Rf7 b5 57. axb5 cxb5 58. Re5 Rd8 59. Ra7 b4 60. Rxa6 Rd7 61. Rb6 Kh7 62. Rxb4 Rd2+ 63. Kg3 Rd3+ 64. Kf4 Rd7 65. Rb6 Rd4+ 66. Kf5 Rd7 67. Ree6 Rd5+ 68. Re5 Rd7 69. Rbe6 Rf7+ 70. Ke4 Rf1 71. Kd5 Rd1+ 72. Kc6 Rc1+ 73. Kd7 Ra1 74. Rc6 Rd1+ 75. Ke8 Rb1 76. Re7+ Kg8 77. Kd7 Rd1+ 78. Ke6 Re1+ 79. Kf6 Rf1+ 80. Kg6 1-0

[Event "POL-chT3 Kujawsko Pomorskie 0910"]
[Site "Poland"]
[Date "2009.11.22"]
[Round "2.11"]
[White "Michalak, Krzysztof"]
[Black "Jankowski, Wieslaw"]
[Result "1-0"]
[WhiteElo "1639"]
[BlackElo "1946"]
[PlyCount "75"]
[EventDate "2009.11.08"]
[EventType "team-tourn"]
[EventRounds "11"]
[EventCountry "POL"]
[SourceTitle "EXT 2020"]
[Source "ChessBase"]
[SourceDate "2019.10.17"]
[SourceVersion "1"]
[SourceVersionDate "2019.10.17"]
[SourceQuality "1"]

1. d4 Nf6 2. c4 d5 3. cxd5 Nxd5 4. e4 Nb6 5. Nc3 e6 6. Nf3 Be7 7. Be3 0-0 8. Bd3 Kh8 9. Qc2 f6 10. 0-0-0 Bd7 11. e5 f5 12. h4 c6 13. Bg5 h6 14. Qe2 Be8 15. Rh3 Bh5 16. Rdh1 Rf7 17. Qe3 Qf8 18. Bxe7 Qxe7 19. Ng5 Rf8 20. f3 Nd5 21. Nxd5 cxd5 22. g4 fxg4 23. fxg4 Bxg4 24. Rg3 h5 25. Rxg4 hxg4 26. Qg3 Rf5 27. Qxg4 g6 28. Bxf5 exf5 29. Qf4 Na6 30. h5 Rc8+ 31. Kb1 Qc7 32. hxg6+ Kg8 33. Nf7 Qc2+ 34. Ka1 Kf8 35. Nd6 Ke7 36. Nxc8+ Qxc8 37. Rc1 Qf8 38. Qg5+ 1-0

[Event "Bydgoszcz-Torun"]
[Site "Bydgoszcz"]
[Date "2008.12.14"]
[Round "?"]
[White "Jankowski, Wieslaw"]
[Black "Jurkiewicz, Kazimierz"]
[Result "1-0"]
[WhiteElo "1946"]
[BlackElo "1452"]
[PlyCount "79"]
[EventDate "2008.12.14"]
[EventType "team-match"]
[EventRounds "1"]
[EventCountry "POL"]
[SourceTitle "EXT 2018"]
[Source "ChessBase"]
[SourceDate "2017.10.13"]
[SourceVersion "1"]
[SourceVersionDate "2017.10.13"]
[SourceQuality "1"]

1. c4 e6 2. d4 c5 3. e3 Nf6 4. d5 d6 5. Nc3 a6 6. a4 e5 7. e4 Bg4 8. Be2 Bxe2 9. Ngxe2 Be7 10. 0-0 0-0 11. Ng3 h6 12. Nf5 h5 13. h3 g6 14. Nh6+ Kg7 15. g4 hxg4 16. Nxg4 Nbd7 17. Bh6+ Kh8 18. Bxf8 Qxf8 19. Kg2 Nh5 20. Rh1 f5 21. Kg1 Bh4 22. Qc2 f4 23. f3 Kg7 24. Ne2 Qe7 25. Kf1 Rh8 26. Qb3 Rb8 27. Qc3 Bg3 28. Kg2 g5 29. Rag1 Kg6 30. Kf1 Bh4 31. Rh2 Nhf6 32. Nf2 Nb6 33. b3 Ne8 34. Nd3 Ra8 35. Rhg2 Qd7 36. Rg4 Qh7 37. Nxe5+ dxe5 38. Qxe5 Kf7 39. Nxf4 Nc7 40. Qxc7+ 1-0

[Event "Chojnice op"]
[Site "Chojnice"]
[Date "2007.07.17"]
[Round "5"]
[White "Celmer, Jan"]
[Black "Jankowski, Wieslaw"]
[Result "0-1"]
[WhiteElo "1998"]
[BlackElo "1957"]
[PlyCount "146"]
[EventDate "2007.07.14"]
[EventType "swiss"]
[EventRounds "9"]
[EventCountry "POL"]
[SourceTitle "CBM 119 Extra"]
[Source "ChessBase"]
[SourceDate "2007.09.04"]
[SourceVersion "1"]
[SourceVersionDate "2007.09.04"]
[SourceQuality "1"]

1. e4 d6 2. d4 e6 3. Nf3 Ne7 4. Nc3 b6 5. Bd3 Bb7 6. 0-0 Ng6 7. Ne2 Be7 8. Ng3 0-0 9. Re1 Nd7 10. a4 a5 11. Qe2 e5 12. Nf5 Bf6 13. g3 Re8 14. d5 Ne7 15. N3h4 Ng6 16. Ng2 Bc8 17. Bb5 Rf8 18. c3 Nc5 19. Qc2 Ne7 20. Nxe7+ Bxe7 21. b4 Nd7 22. Ne3 Bg5 23. Nc4 Bxc1 24. Raxc1 g6 25. Ne3 Kg7 26. Rf1 Nb8 27. f4 Ba6 28. f5 Bxb5 29. f6+ Kh8 30. axb5 h5 31. Qd2 Kh7 32. g4 Rg8 33. Rf3 Nd7 34. Rcf1 Qf8 35. Rh3 Qh6 36. Qf2 axb4 37. Kh1 Nc5 38. gxh5 Kh8 39. Ng4 Qh7 40. Qe3 g5 41. Rf5 Ra1+ 42. Kg2 Ra3 43. Rxg5 Rxg5 44. Qxg5 Ra2+ 45. Kf1 Ra1+ 46. Kg2 Ra2+ 47. Kf1 Nxe4 48. Qg7+ Qxg7 49. fxg7+ Kxg7 50. cxb4 f5 51. Ne3 f4 52. Nf5+ Kf6 53. Nh4 Ra7 54. h6 Ng5 55. h7 Nxh7 56. Nf3 Ra3 57. Ke2 Re3+ 58. Kf2 e4 59. Rxh7 Rxf3+ 60. Ke2 Rc3 61. Kd2 Rc4 62. h4 Ke5 63. Rh5+ Kd4 64. Rf5 f3 65. h5 e3+ 66. Kd1 Ke4 67. Rf8 Rd4+ 68. Ke1 Rxd5 69. h6 Rh5 70. Re8+ Kd3 71. Rxe3+ Kxe3 72. Kd1 f2 73. Kc2 f1Q 0-1

[Event "Chojnice op"]
[Site "Chojnice"]
[Date "2007.07.16"]
[Round "4"]
[White "Grajczak, Adrian"]
[Black "Jankowski, Wieslaw"]
[Result "1-0"]
[WhiteElo "2000"]
[BlackElo "1957"]
[PlyCount "101"]
[EventDate "2007.07.14"]
[EventType "swiss"]
[EventRounds "9"]
[EventCountry "POL"]
[SourceTitle "CBM 119 Extra"]
[Source "ChessBase"]
[SourceDate "2007.09.04"]
[SourceVersion "1"]
[SourceVersionDate "2007.09.04"]
[SourceQuality "1"]

1. e4 e5 2. Nf3 d6 3. d4 Bg4 4. dxe5 Bxf3 5. Qxf3 dxe5 6. Bc4 Nf6 7. Qb3 Bd6 8. Bg5 0-0 9. Nd2 Nbd7 10. 0-0 Nc5 11. Qf3 Ne6 12. Bxe6 fxe6 13. Qb3 Qd7 14. f3 b5 15. Rad1 Qe8 16. Rfe1 Kh8 17. Be3 a5 18. c4 Qe7 19. cxb5 Rfb8 20. a4 Bb4 21. Qc2 Rd8 22. Rf1 Rac8 23. Nc4 Bc5 24. Kh1 Bxe3 25. Nxe3 Rd4 26. Nc4 Qc5 27. b3 Rcd8 28. Rc1 Qf8 29. Nxe5 Rd2 30. Qxc7 Kg8 31. Qc6 R2d6 32. Qc4 Kh8 33. Nc6 Rc8 34. e5 Rdxc6 35. bxc6 Nd5 36. Qc5 Qe8 37. Qxa5 h6 38. Qc5 Qg6 39. f4 Qf5 40. Qd4 g5 41. fxg5 Qxg5 42. h4 Qg3 43. Rf3 Qg6 44. b4 Rg8 45. g4 h5 46. g5 Qg7 47. Rf6 Qe7 48. Rh6+ Kg7 49. c7 Qd7 50. b5 Rc8 51. Qd3 1-0

[Event "Torun-ch"]
[Site "Torun"]
[Date "2006.??.??"]
[Round "1"]
[White "Jankowski, Wieslaw"]
[Black "Paprocki, Jaroslaw"]
[Result "0-1"]
[WhiteElo "2011"]
[BlackElo "2227"]
[PlyCount "106"]
[EventDate "2006.??.??"]
[EventType "swiss"]
[EventRounds "9"]
[EventCountry "POL"]
[SourceTitle "EXT 2007"]
[Source "ChessBase"]
[SourceDate "2006.11.23"]
[SourceVersion "1"]
[SourceVersionDate "2006.11.23"]
[SourceQuality "1"]

1. d4 c5 2. d5 e6 3. c4 exd5 4. cxd5 d6 5. Nc3 g6 6. Qc2 Bg7 7. e3 a6 8. a4 b6 9. Bc4 Ra7 10. Nge2 Nh6 11. 0-0 0-0 12. e4 Nd7 13. f4 f5 14. Bd3 fxe4 15. Nxe4 Nf7 16. Kh1 Rc7 17. N2g3 c4 18. Be2 Nf6 19. Nc3 Ng4 20. Bxg4 Bxg4 21. Be3 Re7 22. Bf2 Qb8 23. Rae1 Rc7 24. Nge2 Bf5 25. Ne4 Bxe4 26. Qxe4 Re8 27. Qc2 b5 28. axb5 axb5 29. Nd4 Rcc8 30. Ne6 Bf6 31. Bd4 Bxd4 32. Nxd4 Qb7 33. Nc6 Nh6 34. b3 Ng4 35. Qc3 cxb3 36. h3 Nh6 37. Qxb3 Nf5 38. g4 Ne7 39. Re3 Kf8 40. Qc3 Ng8 41. f5 Qf7 42. Ref3 g5 43. Qd3 Nf6 44. Nd4 Kg8 45. Nxb5 Rcd8 46. Rc1 Re5 47. Nc7 Rc8 48. Qd2 Rxc7 49. Rxc7 Qxc7 50. Rc3 Qb7 51. Qxg5+ Kf7 52. Qc1 Nxd5 53. Rg3 Nf4+ 0-1

[Event "Chojnice op-A 2nd"]
[Site "Chojnice"]
[Date "2006.??.??"]
[Round "6"]
[White "Jankowski, Wieslaw"]
[Black "Rudzinski, Wladyslaw"]
[Result "0-1"]
[WhiteElo "1989"]
[BlackElo "2000"]
[PlyCount "92"]
[EventDate "2006.07.??"]
[EventType "swiss"]
[EventRounds "9"]
[EventCountry "POL"]
[SourceTitle "EXT 2007"]
[Source "ChessBase"]
[SourceDate "2006.11.23"]
[SourceVersion "1"]
[SourceVersionDate "2006.11.23"]
[SourceQuality "1"]

1. d4 Nf6 2. c4 e6 3. Nc3 Bb4 4. Qb3 c5 5. e3 d5 6. Nf3 Nc6 7. cxd5 exd5 8. Bd2 c4 9. Qc2 Bxc3 10. bxc3 Ne4 11. Bc1 0-0 12. Be2 Bf5 13. Qb2 Rb8 14. 0-0 b5 15. Nd2 Nxc3 16. Bxc4 Na4 17. Qa3 dxc4 18. Nxc4 Nb6 19. Nd2 b4 20. Qa6 Qc8 21. Qe2 Re8 22. Nb3 a5 23. Qh5 Bg6 24. Qc5 a4 25. Nd2 Bd3 26. Re1 Nd7 27. Qd6 Re6 28. Qf4 Rf6 29. Qg3 Rg6 30. Qf3 Bc2 31. Qe2 Nf6 32. f3 Nxd4 33. exd4 Qc3 34. Nf1 Qxa1 35. Qxc2 Qxd4+ 36. Kh1 Qc3 37. Qf2 Re8 38. Be3 h6 39. Rc1 Qd3 40. g4 Nd5 41. Bc5 Ree6 42. Ng3 b3 43. axb3 axb3 44. Bd4 Nf4 45. Bc3 Ne2 46. Qf1 Qe3 0-1

[Event "Torun-ch"]
[Site "Torun"]
[Date "2006.??.??"]
[Round "3"]
[White "Jankowski, Wieslaw"]
[Black "Tarczykowski, Janusz"]
[Result "0-1"]
[WhiteElo "2011"]
[BlackElo "1945"]
[PlyCount "84"]
[EventDate "2006.??.??"]
[EventType "swiss"]
[EventRounds "9"]
[EventCountry "POL"]
[SourceTitle "EXT 2007"]
[Source "ChessBase"]
[SourceDate "2006.11.23"]
[SourceVersion "1"]
[SourceVersionDate "2006.11.23"]
[SourceQuality "1"]

1. d4 d5 2. Nf3 Nf6 3. e3 Bf5 4. Nbd2 Nbd7 5. c4 c6 6. Nb3 Qc7 7. Bd2 Ne4 8. Bd3 Nxf2 9. Kxf2 Bxd3 10. Ba5 b6 11. Bxb6 Nxb6 12. c5 Ba6 13. cxb6 axb6 14. Qd2 e6 15. Rhc1 Bd6 16. g3 Rc8 17. Rc2 0-0 18. Rac1 Bc4 19. Qc3 Qe7 20. a3 Ba6 21. Qd2 Bb7 22. Qe2 e5 23. Kg2 e4 24. Nh4 f5 25. Kg1 f4 26. exf4 Bxf4 27. Rf1 Qg5 28. Qg2 Be3+ 29. Kh1 Ba6 30. Re2 Rxf1+ 31. Qxf1 Qg4 32. Nf5 Bxe2 33. Nxe3 Bxf1 34. Nxg4 c5 35. Ne5 Bc4 36. Nxc4 dxc4 37. Nd2 e3 38. Nf3 cxd4 39. Nxd4 Rd8 40. Nf3 Rf8 41. Nd4 Rf2 42. Kg1 Rxb2 0-1

[Event "Chojnice op-A 2nd"]
[Site "Chojnice"]
[Date "2006.??.??"]
[Round "3"]
[White "Krasiewicz, Robert"]
[Black "Jankowski, Wieslaw"]
[Result "1-0"]
[WhiteElo "2068"]
[BlackElo "1989"]
[PlyCount "107"]
[EventDate "2006.07.??"]
[EventType "swiss"]
[EventRounds "9"]
[EventCountry "POL"]
[SourceTitle "EXT 2007"]
[Source "ChessBase"]
[SourceDate "2006.11.23"]
[SourceVersion "1"]
[SourceVersionDate "2006.11.23"]
[SourceQuality "1"]

1. e4 e5 2. Bc4 Nf6 3. d3 Be7 4. Nf3 d6 5. h3 0-0 6. 0-0 c6 7. Bb3 Nbd7 8. c3 b6 9. Re1 a5 10. Nbd2 Ba6 11. Nf1 Qc7 12. Ng3 Nc5 13. Bc2 Bc8 14. d4 Na6 15. Be3 Ne8 16. Qd2 g6 17. Bh6 Ng7 18. Rad1 Be6 19. Bb1 f6 20. Nh2 Rad8 21. f4 Qc8 22. f5 Bf7 23. Ng4 Nc7 24. Qf2 Qb8 25. fxg6 Bxg6 26. Nf5 Bxf5 27. exf5 Nce8 28. a3 Kh8 29. Qh4 Qc7 30. Re2 Rg8 31. Kh1 Qc8 32. Rf1 Qa6 33. Rfe1 Qc8 34. Rf2 Qc7 35. Bc2 Rd7 36. Bc1 Bd8 37. Nh6 Rf8 38. Re3 d5 39. dxe5 Re7 40. e6 Nd6 41. Rg3 Qb7 42. Bf4 Bc7 43. Rg6 Nge8 44. Ng4 Ne4 45. Bxe4 dxe4 46. Nxf6 Bxf4 47. Rxf4 Qc7 48. Rxe4 Rg7 49. Rxg7 Qxg7 50. Nxe8 Rxe8 51. f6 Qg6 52. f7 Rb8 53. Qf4 Kg7 54. Qxb8 1-0

[Event "KPZS-ch"]
[Site "Poland"]
[Date "2005.06.28"]
[Round "6"]
[White "Jankowski, Wieslaw"]
[Black "Marchlewicz, Kamil"]
[Result "0-1"]
[WhiteElo "2035"]
[BlackElo "2000"]
[PlyCount "149"]
[EventDate "2005.06.25"]
[EventType "swiss"]
[EventRounds "9"]
[EventCountry "POL"]
[SourceTitle "EXT 2007"]
[Source "ChessBase"]
[SourceDate "2006.11.23"]
[SourceVersion "1"]
[SourceVersionDate "2006.11.23"]
[SourceQuality "1"]

1. d4 d5 2. c4 c6 3. Nc3 Bf5 4. e3 e6 5. Qb3 Qc7 6. Bd2 Nf6 7. Rc1 Qb6 8. c5 Qc7 9. Na4 Nbd7 10. Qa3 Be7 11. f3 0-0 12. b4 e5 13. Bd3 e4 14. Bb1 Bg6 15. Nc3 Rfe8 16. fxe4 Nxe4 17. Nxe4 dxe4 18. Ne2 Bh4+ 19. g3 Bg5 20. 0-0 f5 21. Kh1 Qd8 22. Bc2 Bh5 23. Ng1 Rf8 24. Bd1 Bg6 25. Nh3 Kh8 26. Be2 h6 27. Rce1 Rf7 28. Qc1 Qe7 29. Nf4 Bxf4 30. gxf4 Qh4 31. Qd1 Raf8 32. Rg1 Qf6 33. Rg3 Bh7 34. Bc4 Re7 35. Reg1 Bg8 36. Bxg8 Rxg8 37. Qe1 Qf7 38. Bc3 Nf6 39. d5 cxd5 40. Rg6 Ng4 41. Rd6 Qh5 42. Qg3 Kh7 43. Rxd5 Qf7 44. Rgd1 a6 45. h3 Qh5 46. R1d2 Nf6 47. Rd6 Qf3+ 48. Rg2 Qxg3 49. Rxg3 Rf8 50. Kh2 Rff7 51. Rg2 Ne8 52. Rd8 Nc7 53. a4 Rd7 54. Rd2 Rxd2+ 55. Rxd2 g5 56. Be5 gxf4 57. exf4 Ne6 58. Rd6 Nc7 59. Kg3 Ne8 60. Rd8 Ng7 61. Kf2 Kg6 62. b5 axb5 63. axb5 Ne6 64. Rd6 Re7 65. c6 bxc6 66. bxc6 Kf7 67. Ke3 Ra7 68. Kd2 Ke7 69. Kc3 Ra3+ 70. Kb4 Ra7 71. Kb5 Rc7 72. Rd2 Rc8 73. Rd7+ Ke8 74. Rh7 e3 75. Bc3 0-1

[Event "Kujawsko Pomorskie-ch"]
[Site "Polko near Koronowo"]
[Date "2005.06.26"]
[Round "2"]
[White "Jankowski, Wieslaw"]
[Black "Wlodarski, Michal"]
[Result "1-0"]
[WhiteElo "2035"]
[BlackElo "1800"]
[PlyCount "89"]
[EventDate "2005.06.25"]
[EventType "swiss"]
[EventRounds "9"]
[EventCountry "POL"]
[SourceTitle "EXT 2018"]
[Source "ChessBase"]
[SourceDate "2017.10.13"]
[SourceVersion "1"]
[SourceVersionDate "2017.10.13"]
[SourceQuality "1"]

1. d4 d5 2. c4 dxc4 3. Nc3 e5 4. d5 Nf6 5. e4 Bd6 6. Bxc4 a6 7. a4 Nbd7 8. Nf3 Nf8 9. 0-0 Ng6 10. Bg5 0-0 11. Kh1 h6 12. Bd2 Nh5 13. Ne2 Bg4 14. Nfg1 Bd7 15. Ng3 Nhf4 16. N3e2 f5 17. Ng3 Nxg2 18. exf5 N6f4 19. Bxf4 Nxf4 20. Bd3 Kh8 21. Be4 Qg5 22. N1e2 Nh3 23. Qc1 Qxc1 24. Nxc1 Ng5 25. f3 a5 26. h4 Nh3 27. Kh2 Nf4 28. Nd3 b5 29. b3 bxa4 30. bxa4 Rab8 31. Rf2 Rb3 32. Nc1 Rb4 33. Rc2 Rfb8 34. Nge2 Nxe2 35. Nxe2 Rb2 36. Ra2 R2b4 37. Nc3 Kg8 38. h5 Be8 39. Kg3 Bxh5 40. Nb5 Rb7 41. Nxd6 cxd6 42. Rc6 R7b6 43. Rc8+ Kf7 44. Ra8 Rd4 45. Rxa5 1-0

[Event "Bydgoszcz-Torun m"]
[Site "Bydgoszcz"]
[Date "2004.11.13"]
[Round "1"]
[White "Jankowski, Wieslaw"]
[Black "Roubo, Dariusz"]
[Result "1-0"]
[WhiteElo "1800"]
[BlackElo "2067"]
[PlyCount "117"]
[EventDate "2004.??.??"]
[EventType "team"]
[EventRounds "1"]
[EventCountry "POL"]
[SourceTitle "EXT 2007"]
[Source "ChessBase"]
[SourceDate "2006.11.23"]
[SourceVersion "1"]
[SourceVersionDate "2006.11.23"]
[SourceQuality "1"]

1. d4 d5 2. e3 Nc6 3. c3 e5 4. Bb5 e4 5. b3 a6 6. Be2 f5 7. Bb2 Nf6 8. a3 Ne7 9. c4 c6 10. Nc3 g5 11. Nh3 g4 12. Nf4 Ng6 13. g3 Nxf4 14. exf4 Bg7 15. h4 h5 16. Qd2 Be6 17. Nd1 Qb6 18. Qb4 Qxb4+ 19. axb4 b5 20. cxb5 cxb5 21. Bxb5+ Kf7 22. Bxa6 Rhb8 23. b5 Bd7 24. Nc3 Ke6 25. 0-0 Ne8 26. Na4 Bxb5 27. Bxb5 Rxb5 28. Nc5+ Rxc5 29. Rxa8 Rc2 30. Ra6+ Kd7 31. Ba1 Nc7 32. Rg6 Ne6 33. b4 Ke7 34. b5 Kf7 35. b6 Rc8 36. Rxg7+ Kxg7 37. Rb1 Nd8 38. Bb2 Kf7 39. Ba3 Ke6 40. Kf1 Kd7 41. Rb5 Ke6 42. b7 Rb8 43. Rb6+ Kf7 44. Rd6 Nxb7 45. Rb6 Ke8 46. Rh6 Kf7 47. Rb6 Ke8 48. Rf6 Kd7 49. Rxf5 Kc6 50. Rxh5 Na5 51. Rh6+ Kb5 52. f5 Nc4 53. Bc1 Rf8 54. f6 Nd6 55. Ba3 Rd8 56. Bxd6 Rxd6 57. f7 Rd8 58. Rf6 Rf8 59. Ke2 1-0

[Event "Bydgoszcz-Torun"]
[Site "Bydgoszcz"]
[Date "2002.12.15"]
[Round "1"]
[White "Rzoska, Kamil"]
[Black "Jankowski, Wieslaw"]
[Result "1-0"]
[WhiteElo "2022"]
[BlackElo "1800"]
[PlyCount "130"]
[EventDate "2002.12.15"]
[EventType "team-match"]
[EventRounds "1"]
[EventCountry "POL"]
[SourceTitle "EXT 2018"]
[Source "ChessBase"]
[SourceDate "2017.10.13"]
[SourceVersion "1"]
[SourceVersionDate "2017.10.13"]
[SourceQuality "1"]

1. e4 Nc6 2. Nc3 e5 3. f4 d6 4. Nf3 Bg4 5. Be2 Nf6 6. 0-0 Be7 7. d3 0-0 8. Be3 Qe8 9. Kh1 Kh8 10. Ng1 Bxe2 11. Ngxe2 Ng4 12. Bg1 f6 13. Ng3 Nh6 14. Nd5 Bd8 15. Be3 exf4 16. Bxf4 g5 17. Bd2 Qe6 18. Qh5 Nf7 19. Bc3 Nce5 20. d4 Nd7 21. Rae1 c6 22. Ne3 Qe8 23. Ng4 Rg8 24. Nf5 Rg6 25. Qh3 Nb6 26. e5 Qf8 27. e6 d5 28. e7 Qe8 29. exd8Q Qxd8 30. Ne7 Rg7 31. Rxf6 Nd7 32. Rfe6 Nf8 33. R6e2 Nd6 34. Nh6 Ng6 35. Nxg6+ Rxg6 36. Ng4 Qg8 37. Qg3 Rf8 38. Qe5+ Qg7 39. Rf2 Kg8 40. Rxf8+ Qxf8 41. Bb4 h6 42. Bxd6 Rxd6 43. Qe7 Rg6 44. Qxf8+ Kxf8 45. Kg1 h5 46. Ne5 Rg7 47. Nd3 Kg8 48. c3 Kh7 49. Kf2 Rf7+ 50. Kg3 a5 51. h4 Rg7 52. hxg5 Rxg5+ 53. Kh3 Rg7 54. Re5 Kh6 55. Nf4 Rg5 56. Rxg5 Kxg5 57. Ne6+ Kf5 58. Nd8 b6 59. Nxc6 Ke4 60. Ne7 b5 61. Kh4 b4 62. Kxh5 a4 63. cxb4 Kxd4 64. g4 Kc4 65. Nxd5 Kxd5 1-0

[Event "Torun-Bydgoszcz"]
[Site "Torun"]
[Date "1999.12.12"]
[Round "1"]
[White "Jankowski, Wieslaw"]
[Black "Blasik, Wojciech"]
[Result "1-0"]
[WhiteElo "1800"]
[BlackElo "2115"]
[PlyCount "77"]
[EventDate "1999.12.12"]
[EventType "team-match"]
[EventRounds "1"]
[EventCountry "POL"]
[SourceTitle "EXT 2018"]
[Source "ChessBase"]
[SourceDate "2017.10.13"]
[SourceVersion "1"]
[SourceVersionDate "2017.10.13"]
[SourceQuality "1"]

1. d4 e6 2. Nf3 f5 3. b3 Nf6 4. Bb2 d5 5. e3 Bd6 6. Bd3 0-0 7. h3 c6 8. Nbd2 Nbd7 9. c4 Ne4 10. c5 Bc7 11. Qc2 Qe7 12. Nf1 Ndf6 13. 0-0-0 Bd7 14. Ne5 b6 15. f3 Ng5 16. Kb1 bxc5 17. dxc5 Nf7 18. f4 Nxe5 19. fxe5 Ne4 20. Bd4 a5 21. g4 a4 22. Bxe4 fxe4 23. b4 a3 24. Ka1 Bc8 25. Ng3 Ba6 26. Nh5 Rfb8 27. Qd2 Bc4 28. Rhg1 Ra4 29. Rb1 Rba8 30. g5 Rf8 31. Rbc1 Bb5 32. Nf6+ Kh8 33. Qf2 gxf6 34. gxf6 Qf7 35. Rg7 Qxg7 36. fxg7+ Kxg7 37. Qh4 Rf7 38. Qg5+ Kf8 39. Rg1 1-0